Instabilité du systeme financier international

Enregistré dans:
Détails bibliographiques
Auteur principal: Davanne, Olivier
Format: Livre
Langue:français
Publié: Paris Documentation Francaise 1998
Collection:Conseil d'analyse économique
Sujets:
Tags: Ajouter un tag
Pas de tags, Soyez le premier à ajouter un tag!

MARC

LEADER 00000nam$a2200000$$$4500
001 0113165
005 20240111125604.5
020 |a 2-11-004166-8 
041 0 |a fre 
044 |a FR 
245 1 0 |a Instabilité du systeme financier international  |c rapport: Olivier Davanne 
264 1 |a Paris  |b Documentation Francaise  |c 1998 
300 |a 161 s. 
490 1 |a Conseil d'analyse économique 
830 0 |a Conseil d'analyse économique 
610 2 0 |a politika finančná 
610 2 0 |a financie medzinárodné 
610 2 0 |a kríza finančná 
610 2 0 |a organizácie finančné 
610 2 0 |a úver 
610 2 0 |a zodpovednosť 
100 1 |a Davanne, Olivier